| 000 | 00324nam a22001217a 4500 | ||
|---|---|---|---|
| 082 | _a220 PRO | ||
| 100 |
_aJUNAID, WAJID,FAISAL _972165 |
||
| 245 | _aPR-SOF-1126-DESIGN OF DEEP WELL TUBINE PUMP | ||
| 260 |
_aISLAMABAD _bNUST COLLEGE OF EME _c2011 |
||
| 650 | _a DE-MECH-29 | ||
| 700 |
_aRAJA AMIR AZEEM _972166 |
||
| 942 | _cCR | ||
| 999 |
_c578324 _d578324 |
||